[Event "Lueneburg distr-ch Meister"]
[Site "Muenster"]
[Date "2016.10.14"]
[Round "4.7"]
[White "Dittmann, Tobias"]
[Black "Harms, Friedjof"]
[Result "1/2-1/2"]
[WhiteElo "1857"]
[BlackElo "1870"]
[PlyCount "42"]
[EventDate "2016.10.13"]
[EventType "swiss"]
[EventRounds "7"]
[EventCountry "GER"]
[SourceTitle "EXT 2019"]
[Source "ChessBase"]
[SourceDate "2018.10.10"]
[SourceVersion "1"]
[SourceVersionDate "2018.10.10"]
[SourceQuality "1"]

1. e4 e5 2. Nf3 Nc6 3. Bc4 Bc5 4. d3 Nf6 5. Nc3 d6 6. Na4 Bb6 7. Nxb6 axb6 8. a3 Be6 9. Qe2 0-0 10. c3 Bxc4 11. dxc4 Na5 12. Bg5 Nb3 13. Rd1 Qe7 14. 0-0 h6 15. Bxf6 Qxf6 16. Ne1 Qe6 17. Nc2 Nc5 18. Ne3 Rac8 19. Nf5 Kh7 20. f3 Rfe8 21. Ne3 Qg6 1/2-1/2

[Event "Oberliga Nord W 1516"]
[Site "Germany"]
[Date "2016.04.10"]
[Round "9.8"]
[White "Dittmann, Tobias"]
[Black "Elgersma, Simon"]
[Result "1/2-1/2"]
[WhiteElo "1825"]
[BlackElo "2135"]
[PlyCount "90"]
[EventDate "2015.09.20"]
[EventType "team-tourn"]
[EventRounds "9"]
[EventCountry "GER"]
[SourceTitle "EXT 2017"]
[Source "ChessBase"]
[SourceDate "2016.10.25"]
[SourceVersion "1"]
[SourceVersionDate "2016.10.25"]
[SourceQuality "1"]
[WhiteTeam "Stade"]
[BlackTeam "Nordhorn Blanke"]
[WhiteTeamCountry "GER"]
[BlackTeamCountry "GER"]

1. e4 e6 2. d4 d5 3. exd5 exd5 4. Bd3 Bd6 5. Ne2 Ne7 6. Bf4 Bf5 7. 0-0 0-0 8. c3 c6 9. Bxd6 Qxd6 10. Ng3 Bg6 11. Bxg6 hxg6 12. Nd2 Nd7 13. Nf3 f6 14. Re1 Rae8 15. Qd3 Qf4 16. Re2 Nf5 17. Rae1 Kf7 18. Nxf5 gxf5 19. g3 Qg4 20. Nh4 g6 21. Ng2 Rh8 22. Nf4 Rxe2 23. Rxe2 Rh7 24. Qe3 Kg8 25. Kg2 Nf8 26. Qe8 Qg5 27. Re7 Qh6 28. Rxh7 Kxh7 29. Qb8 Qg7 30. Qd6 Kg8 31. Qd8 Qf7 32. h4 Kg7 33. Qd6 Qe8 34. Qc7+ Qf7 35. Qxf7+ Kxf7 36. Kf3 Kg7 37. Nd3 Ne6 38. Nf4 Nf8 39. Ng2 Kh6 40. Ne3 Ne6 41. a3 Nc7 42. Kf4 Ne6+ 43. Kf3 Nc7 44. Kf4 Ne6+ 45. Kf3 Nc7 1/2-1/2

[Event "GER-chT U16"]
[Site "Lingen"]
[Date "2013.12.29"]
[Round "6.3"]
[White "Dittmann, Tobias"]
[Black "Fieberg, Samuel"]
[Result "0-1"]
[WhiteElo "1674"]
[BlackElo "1963"]
[PlyCount "32"]
[EventDate "2013.12.27"]
[EventType "team-swiss"]
[EventRounds "7"]
[EventCountry "GER"]
[SourceTitle "EXT 2015"]
[Source "ChessBase"]
[SourceDate "2014.11.20"]
[SourceVersion "1"]
[SourceVersionDate "2014.11.20"]
[SourceQuality "1"]
[WhiteTeam "Stade"]
[BlackTeam "Koeln Porz"]
[WhiteTeamCountry "GER"]
[BlackTeamCountry "GER"]

1. e4 c5 2. Nf3 d6 3. Bb5+ Bd7 4. Bxd7+ Qxd7 5. c4 Nf6 6. Nc3 g6 7. 0-0 Bg7 8. d4 cxd4 9. Nxd4 0-0 10. f3 Rc8 11. b3 d5 12. exd5 Nxd5 13. Nxd5 e6 14. Ne7+ Qxe7 15. Be3 Rd8 16. Rc1 e5 0-1

[Event "GER-chT North U16"]
[Site "Greifswald"]
[Date "2013.09.14"]
[Round "6.3"]
[White "Dittmann, Tobias"]
[Black "Ngo, Minh Duc"]
[Result "0-1"]
[WhiteElo "1605"]
[BlackElo "1924"]
[PlyCount "120"]
[EventDate "2013.09.12"]
[EventType "team-swiss"]
[EventRounds "7"]
[EventCountry "GER"]
[SourceTitle "EXT 2014"]
[Source "ChessBase"]
[SourceDate "2013.11.20"]
[SourceVersion "1"]
[SourceVersionDate "2013.11.20"]
[SourceQuality "1"]
[WhiteTeam "Stade"]
[BlackTeam "Wildeshausen"]
[WhiteTeamCountry "GER"]
[BlackTeamCountry "GER"]

1. d4 Nf6 2. Nf3 e6 3. Bf4 d5 4. e3 c5 5. c3 Nc6 6. Bd3 Be7 7. Nbd2 0-0 8. 0-0 Re8 9. Re1 cxd4 10. exd4 h6 11. Nf1 Nh5 12. Bg3 Nxg3 13. Nxg3 Bd6 14. Ne5 Nxe5 15. dxe5 Bc5 16. Qg4 Qg5 17. Qa4 Rd8 18. Qc2 Bd7 19. Rad1 Rac8 20. Qe2 Bc6 21. Kh1 g6 22. Rf1 h5 23. f4 Qh6 24. Qd2 h4 25. Ne2 h3 26. Nd4 hxg2+ 27. Qxg2 Bxd4 28. cxd4 Kf8 29. Qg5 Qxg5 30. fxg5 Ke7 31. Rf6 Rh8 32. Rdf1 Be8 33. R1f4 Rh3 34. Rf3 Rc1+ 35. Kg2 Rxf3 36. Kxf3 Ra1 37. Ke3 Rxa2 38. Rf2 Ra1 39. Rc2 Kd8 40. Rc3 Rh1 41. Rc2 Ba4 42. Rf2 Ke7 43. Rg2 Re1+ 44. Re2 Rd1 45. Rd2 Rg1 46. Kf4 Bb3 47. Rf2 Rd1 48. Ke3 Re1+ 49. Re2 Rg1 50. Kf4 Bd1 51. Rd2 Rg4+ 52. Ke3 Bb3 53. Rf2 Rxg5 54. Kd2 Rh5 55. Kc3 Rh3 56. Rd2 Bc4 57. b3 Rxd3+ 58. Rxd3 Bxd3 59. Kxd3 a5 60. Kc3 b5 0-1

[Event "GER-chT U16"]
[Site "Naumburg"]
[Date "2012.12.28"]
[Round "4"]
[White "Dittmann, Tobias"]
[Black "Spindler, Florian"]
[Result "0-1"]
[WhiteElo "1583"]
[BlackElo "1616"]
[PlyCount "78"]
[EventDate "2012.12.27"]
[EventType "team-swiss"]
[EventRounds "7"]
[EventCountry "GER"]
[SourceTitle "EXT 2014"]
[Source "ChessBase"]
[SourceDate "2013.11.20"]
[SourceVersion "1"]
[SourceVersionDate "2013.11.20"]
[SourceQuality "1"]
[WhiteTeam "Stader SV"]
[BlackTeam "Porz SG"]
[WhiteTeamCountry "GER"]
[BlackTeamCountry "GER"]

1. e4 c5 2. Nf3 e6 3. b3 Nc6 4. c4 d6 5. Bb2 Nf6 6. Nc3 Be7 7. d4 cxd4 8. Nxd4 0-0 9. Be2 d5 10. exd5 exd5 11. 0-0 Nxd4 12. Qxd4 dxc4 13. Qxd8 Rxd8 14. Bxc4 Bg4 15. f3 Bf5 16. Ne2 Rd2 17. Bc3 Rd7 18. Ng3 Bd3 19. Bxd3 Rxd3 20. Be5 g6 21. Bf4 Rad8 22. Rfe1 Bc5+ 23. Kh1 Bf2 24. Rf1 Be3 25. Bxe3 Rxe3 26. Rf2 Kf8 27. Kg1 Red3 28. Re2 Nd5 29. Rc2 Ke7 30. Re1+ Kd7 31. Ne4 b6 32. Ree2 f5 33. Red2 fxe4 34. fxe4 Nb4 35. Rxd3+ Nxd3 36. Rd2 Ke7 37. Kf1 Nc5 38. Re2 Rd4 39. Kf2 Rxe4 0-1

[Event "GER-chT North U14"]
[Site "Magdeburg"]
[Date "2012.09.08"]
[Round "6.2"]
[White "Lemke, Berfin"]
[Black "Dittmann, Tobias"]
[Result "1/2-1/2"]
[WhiteElo "1486"]
[BlackElo "1470"]
[PlyCount "93"]
[EventDate "2012.09.06"]
[EventType "team-swiss"]
[EventRounds "7"]
[EventCountry "GER"]
[SourceTitle "EXT 2015"]
[Source "ChessBase"]
[SourceDate "2014.11.20"]
[SourceVersion "1"]
[SourceVersionDate "2014.11.20"]
[SourceQuality "1"]
[WhiteTeam "Hamburg Koenigsspringer"]
[BlackTeam "Stade"]
[WhiteTeamCountry "GER"]
[BlackTeamCountry "GER"]

1. e4 e6 2. Nf3 d5 3. e5 c5 4. b4 Nd7 5. a3 cxb4 6. axb4 Bxb4 7. c3 Be7 8. d4 Qc7 9. Bd3 f6 10. Bf4 f5 11. Ng5 Nb6 12. Bb5+ Kf8 13. 0-0 g6 14. h4 Bxg5 15. Bxg5 Qf7 16. Qb3 Bd7 17. Qb4+ Kg7 18. Be2 Bc6 19. Na3 Nc8 20. Nc2 a6 21. g3 h6 22. Bd2 g5 23. hxg5 hxg5 24. Kg2 Qg6 25. Na3 g4 26. Bf4 Rh3 27. Rh1 Qh5 28. f3 Nge7 29. fxg4 fxg4 30. Qb1 Rxh1 31. Qxh1 Qf5 32. Qh6+ Kf7 33. Rh1 Nb6 34. Qh7+ Qxh7 35. Rxh7+ Ke8 36. Bxg4 Kd7 37. Bg5 Nbc8 38. Kf3 b5 39. Kf4 a5 40. Nc2 Rb8 41. Rh6 b4 42. cxb4 axb4 43. Rxe6 Ke8 44. Bh5+ Kd7 45. Bg4 Ke8 46. Bh5+ Kd7 47. Bg4 1/2-1/2